[Event "OLSW 1920 SK Frankenthal - SF Heidesheim"]
[Site "?"]
[Date "2019.12.08"]
[Round "4.7"]
[White "Beck, Michael"]
[Black "Kargoll, Peter"]
[Result "1-0"]
[WhiteElo "2099"]
[BlackElo "2152"]
[PlyCount "113"]
[EventDate "2019.??.??"]

1. e4 e6 2. d3 d5 3. Nd2 Nf6 4. Ngf3 b6 5. g3 Bb7 6. Bg2 dxe4 7. Ng5 Qc8 8.
Ngxe4 Nbd7 9. O-O Be7 10. Re1 O-O 11. Nxf6+ Nxf6 12. Ne4 Re8 13. Bd2 Nxe4 14.
Bxe4 Bf6 15. Qc1 Bxe4 16. Rxe4 Qb7 17. Bg5 Bxg5 18. Qxg5 h6 19. Qe5 Rad8 20.
Rg4 g6 21. Qf6 c5 22. Rh4 h5 23. Re1 Qe7 24. Qc3 Rd5 25. Rf4 Red8 26. Re5 Rxe5
27. Qxe5 Rd5 28. Qb8+ Rd8 29. Qe5 Rd5 30. Qc3 e5 31. Re4 Rd4 32. Qe1 Rxe4 33.
Qxe4 f5 34. Qd5+ Kg7 35. Kf1 Kf6 36. h4 Qe6 37. Qa8 Qd7 38. Ke2 Kg7 39. Qb8 Kf6
40. c3 Qe7 41. Qh8+ Ke6 42. Qg8+ Kf6 43. Ke3 Qd7 44. Qf8+ Ke6 45. b3 Qb7 46.
Qd8 Kf7 47. Qd6 Qe7 48. Qxe7+ Kxe7 49. f4 Ke6 50. fxe5 Kxe5 51. d4+ cxd4+ 52.
cxd4+ Kd5 53. Kf4 Kxd4 54. Kg5 Ke3 55. Kxg6 Kf3 56. Kxf5 Kxg3 57. Kg5 1-0

[Event "OLSW 1920 SK Frankenthal - SF Heidesheim"]
[Site "?"]
[Date "2019.12.08"]
[Round "4.8"]
[White "Neb, Roland"]
[Black "Winkler, Nils"]
[Result "1-0"]
[WhiteElo "2174"]
[BlackElo "1809"]
[PlyCount "59"]
[EventDate "2019.??.??"]

1. e4 c5 2. c3 Nc6 3. d4 cxd4 4. cxd4 d5 5. exd5 Qxd5 6. Nf3 e6 7. Be2 Bb4+ 8.
Nc3 Nge7 9. O-O Bxc3 10. bxc3 O-O 11. Ba3 Rd8 12. Qd3 b6 13. Bxe7 Nxe7 14. Ne5
Qa5 15. Qf3 f6 16. Qxa8 fxe5 17. dxe5 Qxe5 18. Bg4 Rf8 19. Qxa7 Nd5 20. c4 Nf4
21. Qxb6 Qg5 22. Bf3 e5 23. Kh1 Bf5 24. Qe3 e4 25. Bxe4 Rf6 26. Bd5+ Be6 27.
Qg3 Qh5 28. Bxe6+ Nxe6 29. Rab1 Rg6 30. Rb8+ 1-0

[Event "OLSW 1920 Gambit Saarbrücken - SC Caissa"]
[Site "?"]
[Date "2019.12.15"]
[Round "4.1"]
[White "Fries, Frederik"]
[Black "Muller, Etienne"]
[Result "0-1"]
[WhiteElo "2310"]
[BlackElo "2160"]
[PlyCount "78"]
[EventDate "2019.??.??"]

1. Nf3 Nf6 2. c4 e6 3. e3 b6 4. Nc3 Bb7 5. b3 Be7 6. Bb2 O-O 7. d4 d6 8. Be2
Nbd7 9. Qc2 c5 10. O-O cxd4 11. Nxd4 a6 12. Rfd1 Qc7 13. Rac1 Rfd8 14. Qb1 Rac8
15. e4 Qc5 16. Nd5 exd5 17. cxd5 Qa5 18. Nc6 Bxc6 19. dxc6 Nf8 20. Bc3 Qg5 21.
Bd2 Qh4 22. g3 Qxe4 23. Bd3 Qf3 24. Rc3 Qh5 25. h4 Ne6 26. Bxa6 Ne4 27. Re3
Nxd2 28. Rxd2 Rxc6 29. Bb7 Rc5 30. Bf3 Qh6 31. Bd5 Rdc8 32. Qf5 Qf6 33. Qg4 Rc2
34. Rxc2 Rxc2 35. Rf3 Qe5 36. Be4 Rc1+ 37. Kh2 g6 38. Bb7 Qe1 39. Rf5 Kf8 0-1

[Event "OLSW 1920 Gambit Saarbrücken - SC Caissa"]
[Site "?"]
[Date "2019.12.15"]
[Round "4.2"]
[White "Vogel, Christian"]
[Black "Weller, Manuel"]
[Result "1-0"]
[WhiteElo "2205"]
[BlackElo "2252"]
[PlyCount "119"]
[EventDate "2019.??.??"]

1. c4 Nf6 2. Nc3 e5 3. Nf3 Nc6 4. g3 Bb4 5. Bg2 O-O 6. O-O Re8 7. Nd5 a5 8. d3
Nxd5 9. cxd5 Nd4 10. Ng5 Be7 11. Ne4 d6 12. Nc3 Bd7 13. e3 Nf5 14. e4 Nd4 15.
Be3 c5 16. f4 b5 17. fxe5 dxe5 18. Qh5 Bf6 19. Qd1 b4 20. Na4 Rc8 21. Kh1 Be7
22. Rc1 Bd6 23. b3 Bxa4 24. bxa4 Qd7 25. h4 Rc7 26. Rf2 Rb8 27. Kh2 b3 28. axb3
Rcb7 29. Qh5 Rxb3 30. Bh3 g6 31. Qxh7+ Kxh7 32. Bxd7 Kg7 33. Bxd4 exd4 34. Rf3
Rb1 35. Rc2 R8b3 36. Rcf2 f5 37. exf5 gxf5 38. Rxf5 R1b2 39. Bb5 Rxf2+ 40. Rxf2
Rb1 41. Re2 Rf1 42. Kg2 Rf5 43. Bc4 Re5 44. Rxe5 Bxe5 45. Kf3 Kf6 46. g4 Bd6
47. Bb5 Ke5 48. g5 Kxd5 49. Bc4+ Ke5 50. Kg4 Be7 51. h5 Bd6 52. h6 Bf8 53. Kh5
Kf5 54. g6 Kf6 55. Bb3 c4 56. Bxc4 Bg7 57. hxg7 Kxg7 58. Bb5 Kg8 59. Kh6 Kh8
60. g7+ 1-0

[Event "OLSW 1920 Gambit Saarbrücken - SC Caissa"]
[Site "?"]
[Date "2019.12.15"]
[Round "4.3"]
[White "Oberhofer, Andre"]
[Black "Gross, Georg"]
[Result "1-0"]
[WhiteElo "2282"]
[BlackElo "2255"]
[PlyCount "33"]
[EventDate "2019.??.??"]

1. e4 Nc6 2. d4 d6 3. Nc3 Nf6 4. Bg5 h6 5. Bh4 g5 6. Bg3 Bg7 7. h4 Bg4 8. f3
Bh5 9. Bb5 a6 10. Bxc6+ bxc6 11. Qd3 Qb8 12. O-O-O Qb7 13. Nh3 gxh4 14. Bxh4
Bg6 15. Nf4 Bh7 16. Qc4 e6 17. Nxe6 1-0

[Event "OLSW 1920 Gambit Saarbrücken - SC Caissa"]
[Site "?"]
[Date "2019.12.15"]
[Round "4.4"]
[White "Erhardt, Michael"]
[Black "Gress, Alexander"]
[Result "1/2-1/2"]
[WhiteElo "2085"]
[BlackElo "2170"]
[PlyCount "76"]
[EventDate "2019.??.??"]

1. e4 c5 2. Nf3 d6 3. Bb5+ Nd7 4. d4 cxd4 5. Qxd4 a6 6. Bxd7+ Bxd7 7. Nc3 Nf6
8. Bg5 e5 9. Qd3 Bc6 10. O-O Be7 11. Rfd1 Qb6 12. Bxf6 Bxf6 13. Rab1 Be7 14.
Nd2 O-O 15. Nc4 Qc7 16. Ne3 Rad8 17. Ncd5 Qd7 18. Nf5 Bxd5 19. Qxd5 g6 20. Ne3
Bg5 21. Nc4 Qc7 22. c3 b5 23. Nd2 Bxd2 24. Rxd2 Kg7 25. Rbd1 f5 26. exf5 Rxf5
27. Qe4 Rf6 28. Qe3 Rdf8 29. f3 R8f7 30. Rd5 Re7 31. h3 Ree6 32. Qd3 Qb6+ 33.
Kh1 Qf2 34. Qe2 Qg3 35. Qe1 Qf4 36. Qd2 Qg3 37. Qe1 Qf4 38. Qg1 Qg3 1/2-1/2

[Event "OLSW 1920 Gambit Saarbrücken - SC Caissa"]
[Site "?"]
[Date "2019.12.15"]
[Round "4.5"]
[White "Tabatt, Hendrik"]
[Black "Forthoffer, Patrick"]
[Result "1-0"]
[WhiteElo "2326"]
[BlackElo "2169"]
[PlyCount "75"]
[EventDate "2019.??.??"]

1. e4 Nc6 2. Nf3 d6 3. d4 Nf6 4. Nbd2 Bg4 5. c3 a6 6. h3 Bh5 7. Bd3 e6 8. Qe2
Be7 9. O-O Bg6 10. Nh2 e5 11. d5 Nb8 12. Nc4 c6 13. f4 cxd5 14. exd5 Bxd3 15.
Qxd3 e4 16. Qd4 Nbd7 17. Ne3 O-O 18. Nf5 Re8 19. b3 b5 20. Nxe7+ Rxe7 21. Be3
Rb8 22. Rfc1 Nb6 23. c4 Rc7 24. Ng4 Nbd7 25. Nxf6+ Nxf6 26. Rc3 bxc4 27. Rxc4
Rxc4 28. bxc4 Qc7 29. Rc1 Rc8 30. f5 h5 31. Bg5 Nd7 32. Qxe4 Ne5 33. f6 g6 34.
c5 dxc5 35. Bf4 Re8 36. Kh1 c4 37. Qd4 g5 38. d6 1-0

[Event "OLSW 1920 Gambit Saarbrücken - SC Caissa"]
[Site "?"]
[Date "2019.12.15"]
[Round "4.6"]
[White "Haenssel, Christian"]
[Black "Mueller, Max"]
[Result "1/2-1/2"]
[WhiteElo "2054"]
[BlackElo "1987"]
[PlyCount "83"]
[EventDate "2019.??.??"]

1. c4 g6 2. g3 Nf6 3. Bg2 d5 4. cxd5 Nxd5 5. Nc3 Nb6 6. Nf3 Bg7 7. d3 O-O 8.
O-O Nc6 9. Bd2 Bf5 10. a3 Qd7 11. Re1 Rad8 12. Rc1 Rfe8 13. Na4 Qc8 14. b4 Nxa4
15. Qxa4 a6 16. b5 axb5 17. Qxb5 Bd7 18. Rb1 b6 19. Qc4 Ne5 20. Qc2 Qb8 21.
Rec1 Rc8 22. Nd4 c5 23. Nb5 Bc6 24. Bc3 Bxg2 25. Kxg2 Qb7+ 26. Kg1 Nd7 27. Bxg7
Kxg7 28. Rb3 Red8 29. a4 Ra8 30. Nc3 Rdb8 31. Rcb1 Qc6 32. Rb5 Kf8 33. Ne4 e5
34. Nd2 Ra5 35. Nc4 Rxb5 36. Rxb5 Ra8 37. Qb3 Ra6 38. e4 Qe6 39. Kg2 h5 40. a5
bxa5 41. Nxa5 Qxb3 42. Nxb3 1/2-1/2

[Event "OLSW 1920 Gambit Saarbrücken - SC Caissa"]
[Site "?"]
[Date "2019.12.15"]
[Round "4.8"]
[White "Gerhard, Hans"]
[Black "Backens, Johannes"]
[Result "1-0"]
[WhiteElo "1927"]
[BlackElo "1962"]
[PlyCount "75"]
[EventDate "2019.??.??"]

1. e4 c5 2. c3 d5 3. exd5 Qxd5 4. d4 Nc6 5. Nf3 Bg4 6. Be2 cxd4 7. cxd4 e6 8.
O-O Nf6 9. Nc3 Qa5 10. h3 Bh5 11. Bf4 Nd5 12. Bg3 Bb4 13. Ne4 O-O 14. a3 Be7
15. b4 Qb6 16. b5 Bxf3 17. Bxf3 Nxd4 18. a4 Nxf3+ 19. Qxf3 Rac8 20. a5 Qxb5 21.
Bd6 Rfd8 22. Bxe7 Nxe7 23. Rfb1 Qc6 24. Rxb7 Rd7 25. Nf6+ gxf6 26. Qxc6 Nxc6
27. Rxd7 Kf8 28. Rc1 Ke8 29. Rb7 Kd8 30. Rxf7 Rc7 31. Rf8+ Kd7 32. Rh8 Kd6 33.
h4 Re7 34. a6 Kc7 35. Rb1 Nd8 36. Rg8 Rd7 37. h5 Kc6 38. h6 1-0

[Event "OLSW 1920 SVG Saarbrücken - SK Altenkirc"]
[Site "?"]
[Date "2019.12.08"]
[Round "4.1"]
[White "Bruehl, Andreas"]
[Black "Philippe, Christophe"]
[Result "0-1"]
[WhiteElo "2339"]
[BlackElo "2380"]
[PlyCount "140"]
[EventDate "2019.??.??"]

1. d4 Nf6 2. c4 e6 3. g3 c5 4. Nf3 cxd4 5. Nxd4 Bb4+ 6. Bd2 Bc5 7. Nb3 Be7 8.
Nc3 O-O 9. Bg2 Nc6 10. O-O a6 11. e4 d6 12. Qe2 Bd7 13. Rfd1 Rc8 14. Bf4 e5 15.
Bg5 Bg4 16. f3 Be6 17. Be3 Na5 18. Nxa5 Qxa5 19. Nd5 Nxd5 20. cxd5 Bd7 21. Qd2
Bd8 22. Qxa5 Bxa5 23. a3 f5 24. b4 Rc3 25. Bf2 Bd8 26. Rdc1 Rb3 27. h4 fxe4 28.
fxe4 Rxf2 29. Kxf2 Bb6+ 30. Ke1 Re3+ 31. Kf1 Rxg3 32. a4 Rg4 33. Rc3 Rxh4 34.
Rg3 g6 35. Ke2 Kg7 36. Rh1 Rxh1 37. Bxh1 Bxa4 38. Bg2 Bb5+ 39. Kf3 Bd4 40. Bh3
Bc3 41. Rg1 Bxb4 42. Rb1 Bc5 43. Bd7 Kf6 44. Bxb5 axb5 45. Rxb5 b6 46. Rb2 h5
47. Ra2 g5 48. Ra8 Bb4 49. Rf8+ Kg7 50. Rd8 Kf7 51. Rd7+ Kf6 52. Rb7 g4+ 53.
Kg3 Be1+ 54. Kg2 Ba5 55. Kg3 Kg6 56. Rb8 Be1+ 57. Kg2 Bb4 58. Kg3 Bc5 59. Rg8+
Kh7 60. Rb8 Kg7 61. Rb7+ Kg6 62. Rb8 b5 63. Rg8+ Kh7 64. Rb8 b4 65. Kh4 Kg6 66.
Rg8+ Kf7 67. Rb8 Bf2+ 68. Kxh5 g3 69. Kg4 g2 70. Kh3 g1=R 0-1

[Event "OLSW 1920 SVG Saarbrücken - SK Altenkirc"]
[Site "?"]
[Date "2019.12.08"]
[Round "4.2"]
[White "Bastian, Herbert"]
[Black "Heidorn, Oliver"]
[Result "1-0"]
[WhiteElo "2297"]
[BlackElo "2106"]
[PlyCount "93"]
[EventDate "2019.??.??"]

1. e4 c5 2. Nc3 Nc6 3. g3 g6 4. Bg2 Bg7 5. d3 a6 6. Be3 d6 7. Qd2 e6 8. Nf3 b5
9. O-O b4 10. Nd1 Bb7 11. c3 a5 12. Re1 h6 13. h3 Nge7 14. d4 cxd4 15. cxd4 d5
16. e5 Nf5 17. Rc1 Qb6 18. g4 Nxe3 19. fxe3 h5 20. Nf2 hxg4 21. Nxg4 Ne7 22.
Rc5 Rc8 23. Rxc8+ Bxc8 24. Rc1 Ba6 25. Qc2 Qd8 26. Qa4+ Kf8 27. Rc5 Bb7 28.
Rxa5 Nc6 29. Rc5 Qb6 30. Rb5 Qc7 31. Qc2 Qe7 32. Rb6 Qc7 33. Qc5+ Kg8 34. Rxb4
f5 35. Nf6+ Bxf6 36. exf6 Rh7 37. Rb6 g5 38. Rxb7 Qxb7 39. Nxg5 Rh8 40. Nxe6
Kf7 41. Qxd5 Kxf6 42. Nc5 Qxb2 43. Qxc6+ Kg5 44. Ne6+ Kh4 45. Qf3 Qb1+ 46. Kh2
Rg8 47. Nf4 1-0

[Event "OLSW 1920 SVG Saarbrücken - SK Altenkirc"]
[Site "?"]
[Date "2019.12.08"]
[Round "4.3"]
[White "Moeller, Jeremy"]
[Black "Mohammad, Samir"]
[Result "1/2-1/2"]
[WhiteElo "2033"]
[BlackElo "2301"]
[PlyCount "50"]
[EventDate "2019.??.??"]

1. e4 c5 2. Nf3 Nc6 3. c3 Nf6 4. e5 Nd5 5. g3 d6 6. exd6 Qxd6 7. Bg2 g6 8. O-O
Bg7 9. Na3 a6 10. Nc4 Qd8 11. a4 O-O 12. Re1 Bg4 13. Qb3 Rb8 14. Qa3 Rc8 15.
Qb3 Rc7 16. Nfe5 Nxe5 17. Nxe5 Be6 18. Nc4 Qd7 19. a5 Rd8 20. d3 Qb5 21. Qxb5
axb5 22. Nb6 Nxb6 23. axb6 Rcd7 24. Bf4 b4 25. Rac1 bxc3 1/2-1/2

[Event "OLSW 1920 SVG Saarbrücken - SK Altenkirc"]
[Site "?"]
[Date "2019.12.08"]
[Round "4.4"]
[White "Oliwa, Patryk"]
[Black "Kaster, Martin"]
[Result "1-0"]
[WhiteElo "2233"]
[BlackElo "2079"]
[PlyCount "86"]
[EventDate "2019.??.??"]

1. d4 Nf6 2. Bg5 d5 3. Bxf6 gxf6 4. g3 c6 5. Nc3 Bf5 6. Bh3 Bxh3 7. Nxh3 h5 8.
Qd3 Qd7 9. Nf4 h4 10. gxh4 Qg4 11. e3 Na6 12. Qe2 Qxe2+ 13. Ncxe2 Rxh4 14. Nd3
e6 15. f4 Nb4 16. Nxb4 Bxb4+ 17. Kf2 Ke7 18. Ng1 Bd6 19. Nf3 Rh7 20. b3 c5 21.
c3 Rc8 22. Rac1 Rhh8 23. h4 Kd7 24. Rhg1 Rh7 25. Ke2 Be7 26. c4 dxc4 27. Rxc4
b5 28. Rc2 cxd4 29. Rxc8 Kxc8 30. Rc1+ Kb7 31. Rd1 Bc5 32. exd4 Bd6 33. Ke3 Rh8
34. Rg1 Rh5 35. Rg7 b4 36. Ne1 Ra5 37. Rg2 Rh5 38. Rg7 Rxh4 39. Rxf7+ Kc6 40.
Rxf6 Rh2 41. Kd3 Rxa2 42. Rxe6 Ra3 43. Kc4 Ra2 {weiter nicht lesbar} 1-0

[Event "OLSW 1920 SVG Saarbrücken - SK Altenkirc"]
[Site "?"]
[Date "2019.12.08"]
[Round "4.5"]
[White "Telke, Holger"]
[Black "Busche, Stefan"]
[Result "1/2-1/2"]
[WhiteElo "2087"]
[BlackElo "2059"]
[PlyCount "172"]
[EventDate "2019.??.??"]

1. d4 Nf6 2. Nf3 g6 3. Nbd2 d5 4. Ne5 Bg7 5. f4 O-O 6. e3 c5 7. dxc5 Qa5 8. Nd3
Na6 9. a3 Nxc5 10. b4 Nxd3+ 11. cxd3 Qb6 12. d4 Bf5 13. Qb3 Rac8 14. Bd3 Bxd3
15. Qxd3 Qc6 16. Ke2 Qc2 17. Rb1 Ne4 18. Qxc2 Rxc2 19. Kd3 Rfc8 20. Nxe4 dxe4+
21. Kxe4 Rxg2 22. a4 e6 23. b5 f5+ 24. Kd3 Rcc2 25. Rb4 Bf8 26. Rc4 Ra2 27. h4
h5 28. d5 exd5 29. Rc8 Rxa4 30. Bd2 Rc4 31. Rd8 Kf7 32. Rxd5 Rc7 33. Rc1 Rxc1
34. Bxc1 Ke6 35. Re5+ Kd7 36. Rd5+ Kc7 37. Bd2 Be7 38. Ba5+ b6 39. Bc3 Bd6 40.
Bd2 Be7 41. Bc3 Ra2 42. Be5+ Kc8 43. Bc3 Rh2 44. Bg7 Rxh4 45. Kd4 Rh3 46. e4
fxe4 47. Kxe4 Ra3 48. f5 gxf5+ 49. Kxf5 a6 50. bxa6 Rxa6 51. Ke6 Bc5 52. Rxh5
Kc7 53. Kd5 Ra2 54. Rh7 Rd2+ 55. Kc4 Kc8 56. Kb5 Rc2 57. Rh8+ Kd7 58. Rh6 Rc1
59. Rh2 Rb1+ 60. Rb2 Rd1 61. Bc3 Ke6 62. Re2+ Kf5 63. Rb2 Ke4 64. Rb3 Rd3 65.
Kc4 Be3 66. Rb5 Rd7 67. Re5+ Kf3 68. Bb4 Rd4+ 69. Kb5 Rd1 70. Kc4 Rc1+ 71. Kb5
Bd4 72. Re1 Rc2 73. Rb1 Ke4 74. Rb3 Kd5 75. Rb1 Rf2 76. Rb3 Rf5 77. Rb1 Ke4+
78. Kc6 Kd3 79. Be7 Kc4 80. Rb4+ Kc3 81. Rb5 Rf7 82. Bd8 Kc4 83. Rb1 Rh7 84.
Bxb6 Rh6+ 85. Kb7 Rxb6+ 86. Rxb6 Bxb6 1/2-1/2

[Event "OLSW 1920 SVG Saarbrücken - SK Altenkirc"]
[Site "?"]
[Date "2019.12.08"]
[Round "4.6"]
[White "Horacek, Helmut"]
[Black "Giesler, Stephan"]
[Result "1/2-1/2"]
[WhiteElo "2037"]
[BlackElo "2011"]
[PlyCount "102"]
[EventDate "2019.??.??"]

1. e4 c5 2. Nf3 Nc6 3. d4 cxd4 4. Nxd4 e6 5. Nc3 a6 6. Be2 Qc7 7. O-O Nf6 8.
Be3 Bb4 9. Na4 b5 10. Nxc6 Qxc6 11. Nb6 Rb8 12. e5 Bb7 13. Bf3 Ne4 14. Qd4 Bc5
15. Bxe4 Bxd4 16. Bxc6 Bxe3 17. Bxd7+ Ke7 18. fxe3 Bxg2 19. Kxg2 Rxb6 20. a4
Kxd7 21. Rxf7+ Kc6 22. Rd1 bxa4 23. Rd6+ Kc5 24. Rc7+ Kb5 25. Rxg7 Rc8 26. c3
Rcc6 27. Rxh7 Rxd6 28. exd6 Kc6 29. Rh4 Rxb2+ 30. Kg3 a3 31. Ra4 Rb3 32. Rxa6+
Kd7 33. Kf4 Rxc3 34. h4 e5+ 35. Ke4 Ke6 36. h5 Rc4+ 37. Kd3 Rh4 38. h6 Kd7 39.
Rxa3 Rxh6 40. Ra7+ Ke6 41. d7 Rh8 42. Kc4 Rd8 43. Kc5 Rxd7 44. Rxd7 Kxd7 45. e4
Kc7 46. Kd5 Kd7 47. Kxe5 Ke7 48. Kd5 Kd7 49. e5 Ke7 50. e6 Ke8 51. Kd6 Kd8
1/2-1/2

[Event "OLSW 1920 SVG Saarbrücken - SK Altenkirc"]
[Site "?"]
[Date "2019.12.08"]
[Round "4.7"]
[White "Hertlein, Alexander"]
[Black "Jenner, Meikel"]
[Result "1/2-1/2"]
[WhiteElo "1742"]
[BlackElo "1960"]
[PlyCount "109"]
[EventDate "2019.??.??"]

1. d4 Nf6 2. Nf3 e6 3. e3 b6 4. Be2 Bb7 5. O-O d5 6. b3 Bd6 7. Bb2 Nbd7 8. Nbd2
O-O 9. c4 Re8 10. Ne5 Nf8 11. Rc1 Bxe5 12. dxe5 N6d7 13. Qc2 c5 14. Nf3 Ng6 15.
Bd3 Ndf8 16. Qe2 Qe7 17. Nd2 Nh4 18. g3 Nhg6 19. f4 Rad8 20. Nf3 dxc4 21. Bxc4
Be4 22. Ng5 Qb7 23. Nxe4 Qxe4 24. Qf3 Qxf3 25. Rxf3 Rd2 26. Rf2 Red8 27. Bc3
Rd1+ 28. Rf1 Rxc1 29. Rxc1 Ne7 30. Kf2 Nfg6 31. Ke2 Nd5 32. Be1 Kf8 33. h4 Rc8
34. Ba6 Rd8 35. Rd1 Ke7 36. h5 Nf8 37. e4 Nc7 38. Rxd8 Kxd8 39. Bd3 Nd7 40. g4
Nb8 41. Bc3 Kd7 42. Ke3 Nc6 $11 43. a4 Nb4 44. Bxb4 cxb4 45. Kd4 a5 46. Bc4 Kc6
47. f5 b5 48. axb5+ Nxb5+ 49. Kd3 Nc7 50. g5 g6 51. fxg6 fxg6 52. hxg6 hxg6 53.
Kd4 Kb6 54. Ke3 Kc5 55. Kd3 1/2-1/2

[Event "OLSW 1920 SVG Saarbrücken - SK Altenkirc"]
[Site "?"]
[Date "2019.12.08"]
[Round "4.8"]
[White "Zha, Kevin"]
[Black "Cleve-Prinz, Wolfgang"]
[Result "1-0"]
[WhiteElo "1945"]
[BlackElo "1966"]
[PlyCount "81"]
[EventDate "2019.??.??"]

1. e4 g6 2. d4 Bg7 3. Nc3 d6 4. f4 a6 5. Nf3 b5 6. a4 b4 7. Nd5 Bb7 8. Bc4 a5
9. Ne3 e6 10. d5 exd5 11. Nxd5 Ne7 12. O-O O-O $11 13. f5 Nxd5 14. Bxd5 c6 15.
Bb3 gxf5 16. Ng5 d5 17. Rxf5 h6 18. Nh3 Qb6+ 19. Kh1 Bc8 20. Rh5 Qd4 21. Qxd4
Bxd4 22. exd5 cxd5 23. Bxh6 Rd8 24. Bxd5 Ra6 25. Rf1 Rf6 26. Rd1 Rxh6 27. Rxh6
Rxd5 28. c3 bxc3 29. bxc3 Kg7 30. Rh4 Bf6 31. Rxd5 Bxh4 32. Rxa5 Bxh3 33. gxh3
Be1 34. Rb5 Nd7 35. c4 Bf2 36. a5 Kf6 37. Kg2 Be3 38. Kf3 Bg1 39. a6 Ne5+ 40.
Kg2 Be3 41. c5 1-0

[Event "OLSW 1920 SVG Saarbrücken - SK Landau"]
[Site "?"]
[Date "2020.01.19"]
[Round "5.1"]
[White "Becking, Stephan"]
[Black "Bastian, Herbert"]
[Result "1/2-1/2"]
[WhiteElo "2406"]
[BlackElo "2300"]
[PlyCount "82"]
[EventDate "2020.??.??"]

1. d4 Nf6 2. Nf3 g6 3. c4 Bg7 4. Nc3 d6 5. h3 O-O 6. e4 e5 7. dxe5 dxe5 8. Bg5
Nbd7 9. Qc2 c6 10. Rd1 Qc7 11. b4 a5 12. a3 axb4 13. axb4 Re8 14. Be2 Nf8 15.
O-O Ne6 16. Be3 Nh5 17. Rfe1 Nhf4 18. Bf1 Qe7 19. g3 Qxb4 20. gxf4 exf4 21. Bd2
Qe7 22. Nd5 cxd5 23. exd5 Qf6 24. dxe6 Bxe6 25. Qe4 g5 26. h4 gxh4 27. Qxf4
Rec8 28. Qxf6 Bxf6 29. Bg5 Bxg5 30. Nxg5 Bxc4 31. Bh3 Rc6 32. Nf3 Rg6+ 33. Kh2
Rf6 34. Re3 Ra2 35. Nxh4 Raxf2+ 36. Kg3 Be6 37. Bxe6 fxe6 38. Nf3 Rc2 39. Rd8+
Kg7 40. Ne5 Rc7 41. Red3 Rf5 1/2-1/2

[Event "OLSW 1920 SVG Saarbrücken - SK Landau"]
[Site "?"]
[Date "2020.01.19"]
[Round "5.2"]
[White "Mohammad, Samir"]
[Black "Baerwinkel, Tobias"]
[Result "0-1"]
[WhiteElo "2300"]
[BlackElo "2350"]
[PlyCount "78"]
[EventDate "2020.??.??"]

1. d4 Nf6 2. c4 e6 3. Nc3 Bb4 4. Qc2 O-O 5. a3 Bxc3+ 6. Qxc3 d5 7. Nf3 dxc4 8.
Qxc4 b6 9. g3 Ba6 10. Qc2 Nbd7 11. Bg2 Bb7 12. O-O c5 13. dxc5 Be4 14. Qc3 Nxc5
15. Bg5 Rc8 16. Rfd1 Nd5 17. Qc4 Qe8 18. Rac1 h6 19. Bd2 b5 20. Qd4 Bxf3 21.
Rxc5 Rxc5 22. Qxc5 Bxg2 23. Kxg2 Qa8 24. Kg1 Rc8 25. Qd4 Rc4 26. Qd3 Qc6 27. e4
Nf6 28. f3 Nd7 29. Bc3 Qc5+ 30. Kg2 Ne5 31. Qd6 Rxc3 32. bxc3 Qxc3 33. Rf1 Nc4
34. Qb8+ Kh7 35. Rf2 Ne3+ 36. Kh3 Nd1 37. Ra2 Qxf3 38. Qxa7 Ne3 39. Qc5 Qg4#
0-1

[Event "OLSW 1920 SVG Saarbrücken - SK Landau"]
[Site "?"]
[Date "2020.01.19"]
[Round "5.3"]
[White "Muranyi, Karl-Jasmin"]
[Black "Oliwa, Patryk"]
[Result "0-1"]
[WhiteElo "2330"]
[BlackElo "2239"]
[PlyCount "58"]
[EventDate "2020.??.??"]

1. d4 Nf6 2. c3 b6 3. Bf4 Bb7 4. e3 g6 5. Nf3 Nh5 6. Be5 f6 7. Bg3 Bg7 8. Bc4
d5 9. Be2 Nxg3 10. hxg3 Qd6 11. Qc2 f5 12. Ng5 h6 13. Nh3 e5 14. g4 fxg4 15.
Bxg4 h5 16. Be2 Nc6 17. Na3 a6 18. dxe5 Nxe5 19. O-O-O O-O-O 20. e4 Qc5 21. b4
Qc6 22. exd5 Rxd5 23. Nf4 Bh6 24. g3 Rxd1+ 25. Rxd1 Rf8 26. Rd4 h4 27. Kb2 Bxf4
28. gxf4 Nf3 29. Rd3 Ne1 0-1

[Event "OLSW 1920 SVG Saarbrücken - SK Landau"]
[Site "?"]
[Date "2020.01.19"]
[Round "5.4"]
[White "Busche, Stefan"]
[Black "Lang, Torsten"]
[Result "1/2-1/2"]
[WhiteElo "2060"]
[BlackElo "2326"]
[PlyCount "111"]
[EventDate "2020.??.??"]

1. e4 g6 2. d4 Bg7 3. Nc3 d6 4. Be3 a6 5. Nf3 b5 6. Bd3 Bb7 7. a4 b4 8. Ne2 Nf6
9. Ng3 Nbd7 10. h3 c5 11. c3 O-O 12. cxb4 cxb4 13. O-O Qa5 14. Nd2 Rfc8 15. Nb3
Qd8 16. a5 e5 17. d5 Nc5 18. Nxc5 dxc5 19. b3 Ne8 20. Qe2 Bf8 21. Rfc1 Nc7 22.
Nf1 Nb5 23. Nd2 Nd4 24. Qd1 Qf6 25. Nc4 Re8 26. Nb6 Rad8 27. Na4 Rc8 28. Nb6
Rc7 29. Rab1 Qg7 30. Qf1 f5 31. Bxd4 cxd4 32. Rxc7 Qxc7 33. Rc1 Qe7 34. Qe2 Kh8
35. Re1 Qc5 36. exf5 Qxa5 37. Nc4 Qxd5 38. f3 gxf5 39. Bxf5 Bc5 40. Kh1 d3 41.
Bxd3 Re7 42. Be4 Qd7 43. Bxb7 Qxb7 44. Qe4 Qxe4 45. Rxe4 Rd7 46. Rxe5 Rd1+ 47.
Kh2 Bd4 48. Re6 Rb1 49. Rxa6 Rxb3 50. Kg3 Rc3 51. Nd6 Rc5 52. f4 b3 53. Ra8+
Kg7 54. Rb8 b2 55. Kf3 Rc1 56. Nf5+ 1/2-1/2

[Event "OLSW 1920 SVG Saarbrücken - SK Landau"]
[Site "?"]
[Date "2020.01.19"]
[Round "5.5"]
[White "Leuranguer, Yannick"]
[Black "Horacek, Helmut"]
[Result "1-0"]
[WhiteElo "2247"]
[BlackElo "2035"]
[PlyCount "59"]
[EventDate "2020.??.??"]

1. e4 e5 2. Nf3 Nf6 3. Nc3 Bb4 4. Nxe5 O-O 5. Be2 Re8 6. Nd3 Bxc3 7. dxc3 Nxe4
8. O-O d6 9. Nf4 Nd7 10. c4 Ndf6 11. f3 Nc5 12. b3 Qe7 13. Re1 Qe5 14. Rb1 Qc3
15. Nd3 Nxd3 16. cxd3 Qd4+ 17. Kh1 Qf2 18. Bg5 Bf5 19. Qd2 Re6 20. Bf1 Qxd2 21.
Bxd2 Rae8 22. Kg1 Nd7 23. Rbd1 b6 24. Bc3 a5 25. Kf2 Nc5 26. d4 Na6 27. Rxe6
Rxe6 28. g4 Bc2 29. Rc1 Rh6 30. Rxc2 1-0

[Event "OLSW 1920 SVG Saarbrücken - SK Landau"]
[Site "?"]
[Date "2020.01.19"]
[Round "5.6"]
[White "Joeres, Roman"]
[Black "Bruch, Jochen"]
[Result "1/2-1/2"]
[WhiteElo "1877"]
[BlackElo "2190"]
[PlyCount "82"]
[EventDate "2020.??.??"]

1. d4 Nf6 2. c4 c5 3. d5 e6 4. Nc3 exd5 5. cxd5 d6 6. g3 g6 7. Nf3 Bg7 8. Bg2
O-O 9. O-O a6 10. a4 Nbd7 11. Bf4 Qc7 12. Nd2 Nh5 13. Nc4 Nxf4 14. gxf4 Nb6 15.
Na3 Bd7 16. a5 Nc8 17. Nc4 Bb5 18. Qb3 Na7 19. Na3 Bd7 20. Nc4 Nb5 21. e3 Rad8
22. Ne4 Be8 23. Rfe1 Qe7 24. Rac1 h6 25. Qd1 f5 26. Nc3 Qf6 27. Qd2 g5 28. Ne2
Bh5 29. Ng3 Bg6 30. fxg5 hxg5 31. Qd1 Rde8 32. Nh5 Qf7 33. Nxg7 Kxg7 34. Qd2
Qf6 35. f4 Rh8 36. Rf1 g4 37. Rf2 Qh4 38. Bf1 g3 39. Rg2 gxh2+ 40. Rxh2 Qg3+
41. Rg2 Qh4 1/2-1/2

[Event "OLSW 1920 SVG Saarbrücken - SK Landau"]
[Site "?"]
[Date "2020.01.19"]
[Round "5.7"]
[White "Koehler, Patrick"]
[Black "Jenner, Meikel"]
[Result "1-0"]
[WhiteElo "2116"]
[BlackElo "1949"]
[PlyCount "63"]
[EventDate "2020.??.??"]

1. d4 Nf6 2. c4 e6 3. Nc3 Bb4 4. f3 d5 5. a3 Bxc3+ 6. bxc3 b6 7. cxd5 exd5 8.
e3 c5 9. Bd3 Nc6 10. Ne2 Qe7 11. O-O O-O 12. Ng3 h5 13. Qe1 g6 14. Bb5 Na5 15.
e4 cxd4 16. cxd4 dxe4 17. fxe4 Nh7 18. Bh6 Rd8 19. Qe3 a6 20. Bd3 Nb3 21. Rad1
Nxd4 22. Bc4 Ne6 23. Nf5 Qc7 24. Rxd8+ Nxd8 25. Qd4 Ne6 26. Bxe6 fxe6 27. Nd6
g5 28. Qf2 Ra7 29. e5 Qd8 30. Qc2 Rc7 31. Qg6+ Kh8 32. Rf7 1-0

[Event "OLSW 1920 SVG Saarbrücken - SK Landau"]
[Site "?"]
[Date "2020.01.19"]
[Round "5.8"]
[White "Zha, Kevin"]
[Black "Karpa, Adrian"]
[Result "0-1"]
[WhiteElo "1966"]
[BlackElo "2157"]
[PlyCount "114"]
[EventDate "2020.??.??"]

1. e4 c5 2. Nf3 d6 3. d4 cxd4 4. Nxd4 Nf6 5. Nc3 a6 6. f3 e5 7. Nb3 Be6 8. Be3
Be7 9. Qd2 O-O 10. O-O-O Nbd7 11. g4 Nb6 12. h4 a5 13. Qf2 Nfd7 14. a4 Qc7 15.
Bb5 Nc4 16. Nd5 Bxd5 17. exd5 Rfc8 18. Rd3 Nxe3 19. Rxe3 Nf6 20. Rc3 Qd8 21.
Rxc8 Rxc8 22. Qd2 Qc7 23. Rh2 Bd8 24. Kb1 Qb6 25. Rg2 g6 26. h5 Qc7 27. hxg6
fxg6 28. Re2 Qf7 29. c4 b6 30. Qe3 Bc7 31. Nd2 Rf8 32. Rg2 Bd8 33. Rg1 Kh8 34.
Rf1 Kg7 35. Ka2 h6 36. Rh1 Ng8 37. Qd3 Bc7 38. Rh3 Qe7 39. Ne4 Rf4 40. Qe2 Nf6
41. g5 Nxe4 42. gxh6+ Kh7 43. fxe4 Bd8 44. Qg2 Qf8 45. Bd7 Bh4 46. Rb3 Bf2 47.
Bg4 Qe8 48. Rb5 Bd4 49. Bf3 Kxh6 50. Bd1 Kg7 51. Kb1 Qc8 52. Qc2 Qh3 53. Qe2
Qh1 54. Ka2 Rf1 55. Bc2 Rf2 56. Qd3 Qg2 57. Bd1 Rxb2+ 0-1